| 000 | 00684nam a22001937a 4500 | ||
|---|---|---|---|
| 003 | NUST-PNEC | ||
| 005 | 20170116180734.0 | ||
| 008 | 141122b xxu||||| |||| 00| 0 eng d | ||
| 022 | _aB001RCFGMM | ||
| 040 | _cPNEC | ||
| 082 | _a005.369 MIC | ||
| 100 |
_91023 _aMicrosoft |
||
| 245 |
_aGetting results with Microsoft Office 97 _cMicrosoft |
||
| 260 |
_aSingapore: _bMicrosoft Corp., _c©1995-96. |
||
| 300 |
_a703 p. : _bill. ; _c24 cm. |
||
| 650 | _xComputer, MIS | ||
| 856 | _uhttp://www.amazon.com/Getting-Results-Microsoft-Solutions-Paperback/dp/B001RCFGMM/ref=sr_1_2?s=books&ie=UTF8&qid=1416646334&sr=1-2&keywords=GETTING+RESULTS+WITH+MICROSOFT+OFFICE+97 | ||
| 942 |
_2ddc _cBK |
||
| 999 |
_c61905 _d61905 |
||